00305 2200145 4500245003400000250001100034100001000045650001600055650001400071005001900085260001800104041001400122084001400136336000900150 aPotongan SayurancFirdahText aCet. 1 aFirda aKarya Siswa aScrapbook a20250526090336 aJakartac2025 aIndonesia a081 FIR p atext